000 00665nam a2200205 i 4500
001 33891
003 ES-MaACL
005 20230906154834.0
007 t|
008 030203s1970 sp ||||1| spa d
100 1 _aBlajot Pena, Ignacio.
_929096
245 1 0 _aRadiología clínica del tórax /
_cpor I. Blajot Pena.
250 _a[1ª ed.].
260 _aBarcelona :
_bToray,
_c1970.
300 _aXV, 596 p., 7 lám. :
_bil. ;
_c30 cm.
650 4 _aTórax-
_xRadiografía.
_9165567
650 4 _aAparato respiratorio-
_xRadiografía.
_9165568
650 4 _aAparato circulatorio-
_xRadiografía .
_9165569
852 _aES-MaACL
_jC-37453
_bR.73226
999 _c33891
_d33891